Statistics for Pavement Songs

Click here to take the quiz!

General Stats

  • This quiz has been taken 58 times
  • The average score is 36 of 67

Answer Stats

Group1% Correct
G1Summer Babe (Winter Version)
96%
G4Shady Lane / J vs. S
83%
G1Trigger Cut / Wounded-Kite at :17
83%
G1Zurich Is Stained
83%
G2Gold Soundz
75%
G2Range Life
75%
G5Spit on a Stranger
75%
G3We Dance
75%
G5Carrot Rope
71%
G1Here
71%
G2Elevate Me Later
67%
G3Grave Architecture
67%
G1Our Singer
67%
G2Silence Kit
67%
G2Stop Breathin'
67%
G1Two States
67%
G3AT & T
63%
G2Cut Your Hair
63%
G3Grounded
63%
G5Billie
58%
G1Conduit for Sale!
58%
G3Father to a Sister of Thought
58%
G2Fillmore Jive
58%
G5Folk Jam
58%
G1In the Mouth a Desert
58%
G3Pueblo
58%
G3Best Friends Arm
54%
G4Date With Ikea
54%
G2Heaven Is a Truck
54%
G1Loretta's Scars
54%
G3Serpentine Pad
54%
G4Starlings of the Slipstream
54%
G5The Hexx
54%
G5You Are a Light
54%
G5Ann Don't Cry
50%
G4Fin
50%
G3Kennel District
50%
G5Major Leagues
50%
G2Newark Wilder
50%
G1Perfume-V
50%
G2Unfair
50%
G3Black Out
46%
G4Blue Hawaiian
46%
G1Chesley's Little Wrists
46%
G2Hit the Plane Down
46%
G1No Life Singed Her
46%
G4Type Slowly
46%
G25 - 4 = Unity
42%
G4Embassy Row
42%
G1Fame Throwa
42%
G3Fight This Generation
42%
G3Half a Canyon
42%
G1Jackals, False Grails: The Lonesome Era
42%
G4Old to Begin
42%
G5Platform Blues
42%
G3Brinx Job
38%
G5Cream of Gold
38%
G3Flux = Rad
38%
G3Motion Suggests
38%
G4Stero
38%
G3Western Homes
38%
G4Passat Dream
33%
G4Transport Is Arranged
33%
G5Speak, See, Remember
25%
G4We Are Underused
25%
G3Extradition
21%
G3Rattle by the Rush
17%

Score Distribution

Percentile by Number Answered

Percent of People with Each Score

Your Score History

You have not taken this quiz